History of evolution in economic geography / (Record no. 87628)

MARC details
000 -LEADER
fixed length control field 00670nam a22002057a 4500
005 - DATE AND TIME OF LATEST TRANSACTION
control field 20230302134257.0
010 ## - LCCN (DPL NO)
LC control number ENG-110610 ENG-136285
020 ## - INTERNATIONAL STANDARD BOOK NUMBER
International Standard Book Number 9789350533420
Terms of availability 1000.00
035 ## - SYSTEM CONTROL NUMBER
System control number EN-94142 EN-119817
037 ## - SOURCE OF ACQUISITION
Source of stock number/acquisition DBAD/PUB
082 ## - DEWEY DECIMAL CLASSIFICATION NUMBER
Classification number 330.9
100 ## - MAIN ENTRY--PERSONAL NAME
Personal name Jhala, S.J.
245 ## - TITLE STATEMENT
Title History of evolution in economic geography /
Statement of responsibility, etc by S.J. Jhala [and] Y.M. Chudasma
260 ## - PUBLICATION, DISTRIBUTION, ETC. (IMPRINT)
Place of publication, distribution, etc New Delhi
Name of publisher, distributor, etc Cyber Tech Publications
Date of publication, distribution, etc 2014
270 ## - ADDRESS
City New Delhi
Address 4264/3, Ansari Road, Daryaganj
Postal code 110002
300 ## - PHYSICAL DESCRIPTION
Extent xii,264p.
Dimensions 22cm(Hb)
500 ## - GENERAL NOTE
General note Includes bibliographical references
700 ## - ADDED ENTRY--PERSONAL NAME
Personal name Chudasma, Y.M.
942 ## - ADDED ENTRY ELEMENTS (KOHA)
Source of classification or shelving scheme Dewey Decimal Classification
Item type English Books
Call number suffix JHA
Classification part 330.9
Holdings
Withdrawn status Lost status Not for loan Collection code Home library Current library Date acquired Source of acquisition Cost, normal purchase price Full call number Barcode Copy number Cost, replacement price Koha item type
      Non-fiction Ashok Vihar Ashok Vihar 02/03/2023 DBAD/PUB 1000.00 330.9 JHA EN-119817 1 1000.00 English Books
    Not For Loan Non-fiction D.B.Act.Division D.B.Act.Division 06/08/2014 DBAD/PUB 1000.00 330.9 JHA EN-94142 1 1000.00 English Books

© Delhi Public Library
Hit Counter
free hit counter